000
00328nam a2200133Ia 4500
008
151001s9999||||xx |||||||||||||| ||und||
100
_a
शोभा बडवे
245
_a
गाणी पाखरांची
250
_a
1
260
_b
दिलीपराज
260
_c
2013
300
_a
48
365
_b
24
999
_c
1000110
_d
1000107